00265nam a2200085Ia 450000100070000000500170000700800410002424500620006526000520012780916020250826171304.0250824s9999 xx 000 0 und d 0aBİRİNCİ HAÇLI SEFERİ 1096-99cDAVİD NİCOLLE bTÜRKİYE İŞ BANKASI KÜLTÜR YAYINLARI